Normal view
MARC view
- Arifin, Bey,
Entry Personal Name
001 - CONTROL NUMBER
- control field: 1876
003 - CONTROL NUMBER IDENTIFIER
- control field: OSt
005 - DATE AND TIME OF LATEST TRANSACTION
- control field: 20170505160841.0
008 - FIXED-LENGTH DATA ELEMENTS
- fixed length control field: 170505|| aca||aabn | a|a d
040 ## - CATALOGING SOURCE
- Original cataloging agency: OSt
- Transcribing agency: OSt
100 ## - HEADING--PERSONAL NAME
- Personal name: Arifin, Bey,
- Dates associated with a name: 1917-1995
670 ## - SOURCE DATA FOUND
- Source citation: Work cat.: (OSt)0: Tarjamah Sunan Abi Daud /, 1993

PORTAL AKMAL
E-MEL JKDM
AKMAL2U
G-BAM
u-PUSTAKA